000 003100000a22001090004500
090 _aAS
_bSeriadas
245 1 0 _aAportes a la flora de Colombia estudios en compuestos-III
041 0 _aEspañol
100 1 _aDíaz Piedrahita, Santiago
_995842
942 _cARTICULO
773 1 _tCaldasia
_345
_h59
_q379-382
_d1979
_g12
999 _c14458
_d14458